000 00705nam a2200289Ia 4500
005 20260324141151.0
008 008 260324s9999 xx 000 0 eng d
020 _a9781315000190
037 _aEBOOK
040 _aCRL
040 _beng
040 _cCRL
041 _2eng
041 _aeng
084 _qCRL
100 _aNicholas A. Phelps
_91168349
245 0 _aMultinationals and European Integration
245 0 _bTrade, Investment and Regional Development
260 _bTaylor and Francis
260 _c1997
365 _a
365 _b300
856 _uhttp://www.taylorfrancis.com/books/9781315000190
942 _cEBOOK
999 _c1809973
_d1809973